[Event "22nd Oberwarter Open"]
[Site "Oberwart (Austria)"]
[Date "2000.07.14"]
[Round "7.8"]
[White "KUPREICHIK, Viktor"]
[Black "ZIMMERMAN, Yuri"]
[Result "0-1"]
[WhiteElo "2472"]
[BlackElo "2379"]
[PlyCount "114"]
[EventDate "2000.07.14"]

1. e4 d6 2. d4 Nf6 3. Nc3 g6 4. Be3 c6 5. Qd2 Bg7 6. Bh6 Bxh6 7. Qxh6 Qa5 8.
O-O-O Be6 9. d5 cxd5 10. exd5 Bxd5 11. Nxd5 Nxd5 12. Qg5 e6 13. Bc4 h6 14. Qg3
Ne7 15. Qxd6 Nbc6 16. Nf3 O-O 17. Qf4 Kg7 18. h4 Rad8 19. g4 Rxd1+ 20. Rxd1 Rd8
21. Rxd8 Qxd8 22. h5 Nd5 23. Bxd5 Qxd5 24. g5 hxg5 25. Nxg5 Qf5 26. Qxf5 gxf5
27. Kd2 Nd8 28. b4 Kh6 29. f4 e5 30. Ke3 e4 31. c4 Kxh5 32. c5 Kg6 33. b5 f6
34. Nh3 Ne6 35. c6 bxc6 36. bxc6 Kf7 37. Ng1 Ke7 38. Ne2 Kd6 39. Ng3 Ng7 40.
Kd4 Kxc6 41. Kc4 Kd6 42. a4 Kc6 43. Kd4 Kb6 44. Kc4 Ka5 45. Kb3 e3 46. Ne2 Ne6
47. Kc4 Kxa4 48. Kd5 Ng7 49. Kd4 Kb3 50. Kxe3 Ne6 51. Kd2 Kb2 52. Ng3 a5 53.
Nxf5 a4 54. Nd6 a3 55. Nc4+ Kb3 56. Nxa3 Kxa3 57. Kd3 f5 0-1

[Event "22nd Oberwarter Open"]
[Site "Oberwart (Austria)"]
[Date "2000.07.14"]
[Round "7.9"]
[White "WEINZETTL, Ernst"]
[Black "BALINOV, Ilia"]
[Result "0-1"]
[WhiteElo "2409"]
[BlackElo "2453"]
[PlyCount "76"]
[EventDate "2000.07.14"]

1. e4 c5 2. c3 d5 3. d3 Nc6 4. Nd2 Nf6 5. Ngf3 e5 6. g3 Be7 7. Bg2 O-O 8. O-O
Be6 9. exd5 Bxd5 10. Qe2 Re8 11. Ne4 h6 12. Rd1 Qc7 13. Nfd2 Nd7 14. Qh5 Be6
15. Nf1 Nf8 16. Bh3 Qd7 17. Bxe6 Qxe6 18. Ne3 Nh7 19. Nf5 Bf8 20. Qg4 Kh8 21.
Qf3 Rad8 22. Be3 b6 23. h4 Ne7 24. g4 h5 25. Nxe7 hxg4 26. Qf5 Rxe7 27. Qxe6
Rxe6 28. Ng5 Nxg5 29. hxg5 Kh7 30. Kg2 Kg6 31. Kg3 Kf5 32. a4 a5 33. f3 gxf3
34. Kxf3 Be7 35. Ke2 Bxg5 36. Bxg5 Kxg5 37. Rg1+ Kh6 38. Raf1 f6 0-1

[Event "22nd Oberwarter Open"]
[Site "Oberwart (Austria)"]
[Date "2000.07.14"]
[Round "7.10"]
[White "VUKOVIC, Ivo"]
[Black "WITTMANN, Walter"]
[Result "0-1"]
[WhiteElo "2272"]
[BlackElo "2380"]
[PlyCount "106"]
[EventDate "2000.07.14"]

1. d4 Nf6 2. Nf3 g6 3. Bg5 Bg7 4. Nbd2 O-O 5. e3 b6 6. Be2 Bb7 7. h3 c5 8. c3
d6 9. O-O Nbd7 10. Qc2 Rc8 11. Rad1 Rc7 12. Rfe1 a6 13. a4 Qa8 14. Bf1 Rfc8 15.
Qb3 Kf8 16. Bf4 h6 17. c4 cxd4 18. exd4 Re8 19. Qa3 Rcc8 20. Re3 Kg8 21. Rde1
Bf8 22. d5 b5 23. b3 bxc4 24. bxc4 a5 25. Rb1 Ba6 26. Nd4 Nc5 27. Rf3 Bg7 28.
Nb5 Nfd7 29. h4 Bxb5 30. Rxb5 Rb8 31. Qe3 h5 32. Bh6 Nxa4 33. Bxg7 Kxg7 34.
Qd4+ Kg8 35. Ra3 Rxb5 36. cxb5 Nac5 37. Nc4 a4 38. Ne3 Nf6 39. Be2 Qa5 40. Bf1
Ra8 41. Nc4 Qb4 42. Qe3 Re8 43. Qf3 Nb3 44. Ra2 Ng4 45. b6 Rb8 46. Qd1 Rc8 47.
b7 Rb8 48. Be2 Rxb7 49. Nb2 Ra7 50. Nd3 Qd4 51. Bf3 Rc7 52. g3 Rc3 53. Ne1 Qxd1
0-1

[Event "22nd Oberwarter Open"]
[Site "Oberwart (Austria)"]
[Date "2000.07.14"]
[Round "7.11"]
[White "LOGINOV, Valery"]
[Black "CSONKA, Attila"]
[Result "1-0"]
[WhiteElo "2514"]
[BlackElo "2310"]
[PlyCount "55"]
[EventDate "2000.07.14"]

1. Nf3 g6 2. e4 c6 3. d4 Bg7 4. h3 d5 5. Nc3 Nf6 6. Bd3 dxe4 7. Nxe4 Nxe4 8.
Bxe4 O-O 9. O-O Nd7 10. c3 e5 11. Bc2 exd4 12. Nxd4 Qc7 13. Re1 Nc5 14. Qf3 Ne6
15. Nf5 gxf5 16. Qxf5 Rd8 17. Qxh7+ Kf8 18. Bh6 Bxh6 19. Qxh6+ Ke7 20. Bb3 Qa5
21. Qh4+ Kf8 22. Qf6 Re8 23. Re5 Qd8 24. Qh6+ Ke7 25. Rd1 Qxd1+ 26. Bxd1 Bd7
27. Qh4+ f6 28. Re3 1-0

[Event "22nd Oberwarter Open"]
[Site "Oberwart (Austria)"]
[Date "2000.07.14"]
[Round "7.12"]
[White "NEULINGER, Manfred"]
[Black "OKHOTNYK, Vladimir"]
[Result "1/2-1/2"]
[WhiteElo "2286"]
[BlackElo "2510"]
[PlyCount "93"]
[EventDate "2000.07.14"]

1. e4 g6 2. d4 Bg7 3. Nc3 d6 4. Nf3 Nf6 5. g3 Nc6 6. d5 Ne5 7. Nxe5 dxe5 8. Bg2
O-O 9. O-O Bg4 10. Qd3 c5 11. Nd1 Bxd1 12. Rxd1 Ne8 13. Be3 Qc7 14. c3 Nd6 15.
b4 c4 16. Qc2 f5 17. Bc5 f4 18. f3 fxg3 19. hxg3 a5 20. a3 b6 21. Be3 h5 22.
Rdb1 a4 23. b5 Ra5 24. Rb4 Rxb5 25. Rxa4 Ra5 26. Rxa5 bxa5 27. Rb1 Rb8 28. Rb2
a4 29. Rxb8+ Qxb8 30. Qxa4 Qb1+ 31. Kh2 Qe1 32. Bg5 Bf6 33. Bxf6 exf6 34. Qd7
Nf7 35. Qc8+ Kg7 36. Qxc4 g5 37. Qf1 Qxc3 38. a4 Qd2 39. Kh1 h4 40. gxh4 gxh4
41. a5 Qxa5 42. Qf2 Ng5 43. Qxh4 Qa1+ 44. Kh2 Qc1 45. Qg4 Qd2 46. Qd7+ Kh6 47.
Qf5 {.} 1/2-1/2

[Event "22nd Oberwarter Open"]
[Site "Oberwart (Austria)"]
[Date "2000.07.14"]
[Round "7.13"]
[White "MEDVEGY, Zoltan"]
[Black "WOHLFAHRT, Herbert"]
[Result "1-0"]
[WhiteElo "2428"]
[BlackElo "2284"]
[PlyCount "139"]
[EventDate "2000.07.14"]

1. e4 c5 2. Nf3 d6 3. d4 cxd4 4. Nxd4 Nf6 5. Nc3 a6 6. Be3 e5 7. Nf3 Qc7 8. a4
b6 9. Bg5 Nbd7 10. Nd2 Bb7 11. Bc4 Be7 12. Qe2 O-O 13. O-O Rfe8 14. Rfd1 Bf8
15. Nf1 Qc8 16. Bxf6 Nxf6 17. Nd5 Bxd5 18. Bxd5 Ra7 19. c3 g6 20. Bc4 Qb7 21.
Ng3 Rd8 22. Qf3 Bg7 23. h3 Qc7 24. Qd3 Qb7 25. Bd5 Qc7 26. Qe3 Qc5 27. Qxc5
bxc5 28. Bc4 a5 29. f3 Rb7 30. Rab1 Bh6 31. Kf2 Kf8 32. Ne2 Ke7 33. g3 Ne8 34.
b3 f5 35. Bd3 fxe4 36. Bxe4 Rb6 37. c4 Nf6 38. Nc3 Rdb8 39. Nb5 Rf8 40. Ke2 Nh5
41. Rg1 Ng7 42. h4 Ne6 43. h5 Kf6 44. Rh1 Kg7 45. hxg6 hxg6 46. Kf2 Rh8 47. Kg2
Nd4 48. Rh4 Bg5 49. Rg4 Rh5 50. Rh1 Rxh1 51. Kxh1 Bf6 52. Rxg6+ Kf7 53. Kg2
Nxb3 54. Nc3 Bg7 55. Nd5 Ra6 56. Nc7 Rb6 57. Nd5 Ra6 58. Nc7 Rb6 59. Rg4 Nd4
60. Bd5+ Kf8 61. Rg6 Rb4 62. Rxd6 Rxa4 63. Rd7 Ra2+ 64. Kh3 a4 65. Rf7+ Kg8 66.
Ne8 Bh8 67. Rf5+ Kh7 68. Rh5+ Kg6 69. Rxh8 Ra1 70. Rg8+ 1-0

[Event "22nd Oberwarter Open"]
[Site "Oberwart (Austria)"]
[Date "2000.07.14"]
[Round "7.14"]
[White "RIAZANTSEV, Alexander"]
[Black "WALLNER, Joachim"]
[Result "1/2-1/2"]
[WhiteElo "2418"]
[BlackElo "2272"]
[PlyCount "45"]
[EventDate "2000.07.14"]

1. d4 d5 2. c4 c6 3. Nf3 Nf6 4. Qc2 dxc4 5. Qxc4 Bf5 6. g3 e6 7. Bg2 Nbd7 8.
O-O Be7 9. Nc3 O-O 10. e3 h6 11. Qe2 Re8 12. e4 Bg4 13. Rd1 Rc8 14. h3 Bxf3 15.
Qxf3 Qb6 16. b3 e5 17. Be3 Qa5 18. Na4 b5 19. Nb2 Ba3 20. Rab1 exd4 21. Bxd4
Rxe4 22. Qf5 Ree8 23. Nc4 {.} 1/2-1/2

[Event "22nd Oberwarter Open"]
[Site "Oberwart (Austria)"]
[Date "2000.07.14"]
[Round "7.15"]
[White "RIEKE, Theo"]
[Black "KOVACS, Gabor"]
[Result "1/2-1/2"]
[WhiteElo "2220"]
[BlackElo "2348"]
[PlyCount "45"]
[EventDate "2000.07.14"]

1. Nf3 Nf6 2. c4 c5 3. Nc3 e6 4. g3 b6 5. Bg2 Bb7 6. O-O Be7 7. b3 d6 8. Bb2
O-O 9. Re1 a6 10. e4 Nbd7 11. d4 cxd4 12. Nxd4 Qc7 13. Qd2 Rad8 14. h3 Rfe8 15.
Re2 g6 16. Rae1 Bf8 17. Kh2 Bg7 18. Rd1 Nc5 19. Qc2 Qb8 20. Nf3 Qa8 21. Ne1 Qb8
22. Nd3 Ncd7 23. Qb1 {.} 1/2-1/2

[Event "22nd Oberwarter Open"]
[Site "Oberwart (Austria)"]
[Date "2000.07.14"]
[Round "7.16"]
[White "ZSINKA, Laszlo"]
[Black "KLJAKO, Damir"]
[Result "1-0"]
[WhiteElo "2342"]
[BlackElo "2258"]
[PlyCount "73"]
[EventDate "2000.07.14"]

1. d4 g6 2. c4 Bg7 3. e4 c5 4. d5 d6 5. Bd3 e6 6. Nc3 Nf6 7. h3 exd5 8. cxd5
O-O 9. Nge2 a6 10. a4 Re8 11. Ng3 Nbd7 12. O-O Qc7 13. f4 Rb8 14. Qf3 c4 15.
Bc2 b5 16. axb5 axb5 17. Be3 Nc5 18. e5 Nfd7 19. Nce4 Nxe4 20. Nxe4 dxe5 21. f5
f6 22. Qg3 g5 23. h4 h6 24. hxg5 hxg5 25. Qh3 Nb6 26. Rad1 Rd8 27. d6 Qf7 28.
Nc5 Nd5 29. Rxd5 Qxd5 30. Rd1 Qxd1+ 31. Bxd1 Rxd6 32. Bh5 Ra8 33. Bg6 Ra1+ 34.
Kf2 Rdd1 35. Qh7+ Kf8 36. Ne6+ Bxe6 37. Bc5+ 1-0

[Event "22nd Oberwarter Open"]
[Site "Oberwart (Austria)"]
[Date "2000.07.14"]
[Round "7.18"]
[White "ARWANITAKIS, Michael"]
[Black "BRANDNER, Stefan"]
[Result "0-1"]
[WhiteElo "2156"]
[BlackElo "2344"]
[PlyCount "65"]
[EventDate "2000.07.14"]

1. e4 g6 2. d4 Bg7 3. Nc3 Nc6 4. d5 Nb8 5. h4 h5 6. Bg5 d6 7. Qd2 c6 8. Bc4 b5
9. Bb3 b4 10. Nce2 c5 11. a3 a5 12. axb4 cxb4 13. c3 bxc3 14. Nxc3 Nf6 15. Ba4+
Bd7 16. Nge2 Bxa4 17. Rxa4 Nbd7 18. Nd4 Nc5 19. Nc6 Qb6 20. Be3 Ng4 21. Bd4
Bxd4 22. Rxd4 Nb3 23. Qg5 O-O 24. Nxe7+ Kh7 25. Rd2 Nxd2 26. Qxd2 Rae8 27. Nc6
f5 28. O-O fxe4 29. Nd4 e3 30. fxe3 Rxf1+ 31. Kxf1 Nxe3+ 32. Kg1 Nf5 33. Ncb5
0-1

[Event "22nd Oberwarter Open"]
[Site "Oberwart (Austria)"]
[Date "2000.07.14"]
[Round "7.19"]
[White "PROCHASKA, Juergen"]
[Black "ROGULJ, Branko"]
[Result "0-1"]
[WhiteElo "2226"]
[BlackElo "2460"]
[PlyCount "68"]
[EventDate "2000.07.14"]

1. e4 Nf6 2. Nc3 e6 3. d4 d5 4. Bg5 Bb4 5. e5 h6 6. exf6 hxg5 7. fxg7 Rg8 8. h4
gxh4 9. Qg4 Be7 10. Nf3 Bf6 11. Nxh4 Rxg7 12. Qf4 Bg5 13. Qe5 Rh7 14. g3 Nd7
15. Qe2 Nf8 16. Bg2 Bxh4 17. Rxh4 Rxh4 18. gxh4 c6 19. h5 Qg5 20. Kf1 b6 21.
Re1 Nd7 22. Qe3 Ba6+ 23. Kg1 Qxh5 24. Qf4 O-O-O 25. Re3 Rg8 26. Qd6 Qg5 27.
Qxc6+ Kd8 28. Rg3 Qc1+ 29. Kh2 Rxg3 30. Kxg3 Qxb2 31. Bxd5 exd5 32. Nxd5 Qxd4
33. Qc7+ Ke8 34. Qd6 Qc5 0-1

[Event "22nd Oberwarter Open"]
[Site "Oberwart (Austria)"]
[Date "2000.07.14"]
[Round "7.20"]
[White "KOVACEVIC, Blazimir"]
[Black "KRSTIC, Uros"]
[Result "1-0"]
[WhiteElo "2438"]
[BlackElo "2375"]
[PlyCount "112"]
[EventDate "2000.07.14"]

1. d4 d6 2. e4 Nf6 3. Nc3 c6 4. g3 Qa5 5. Bg2 b5 6. Nge2 d5 7. e5 Ne4 8. Bxe4
dxe4 9. Qd2 Bf5 10. Qf4 e6 11. Bd2 Be7 12. Nd5 Qd8 13. Nxe7 Qxe7 14. Nc3 e3 15.
Qxe3 Bxc2 16. Rc1 b4 17. Rxc2 bxc3 18. Bxc3 O-O 19. O-O Rc8 20. Rfc1 Qb7 21.
Qe4 a5 22. f4 Qd7 23. Be1 Rd8 24. Bf2 h6 25. Rc5 Qb7 26. R1c2 g6 27. g4 Qe7 28.
Qe1 a4 29. Bh4 g5 30. fxg5 hxg5 31. Bf2 Na6 32. R5c4 Rab8 33. a3 Nc7 34. Rxa4
Nd5 35. Be3 Rb3 36. Bc1 Kg7 37. Rf2 Rh8 38. Rc4 Rh4 39. Qd1 Rbh3 40. Rg2 Qd8
41. Rcc2 Rh8 42. Rcf2 R8h6 43. Rf3 R3h4 44. Qf1 Qe7 45. Bd2 Kg8 46. Qc1 Rg6 47.
Qxc6 Qa7 48. Kh1 Rg7 49. Qc8+ Kh7 50. Qc2+ Kg8 51. Qe4 Qa4 52. h3 Ne7 53. Kh2
Nf5 54. Be1 Rhh7 55. Rd2 Qa5 56. Rc2 Qd2+ 1-0

[Event "22nd Oberwarter Open"]
[Site "Oberwart (Austria)"]
[Date "2000.07.14"]
[Round "7.21"]
[White "MEDVEGY, Nora"]
[Black "LENDWAI, Reinhard"]
[Result "0-1"]
[WhiteElo "2350"]
[BlackElo "2361"]
[PlyCount "70"]
[EventDate "2000.07.14"]

1. e4 c6 2. d4 d5 3. Nc3 g6 4. e5 Bg7 5. f4 h5 6. Nf3 Nh6 7. Be3 Bf5 8. g3 Nd7
9. Bg2 e6 10. h3 Rc8 11. Nh2 b5 12. a3 a5 13. Bf2 b4 14. Na4 g5 15. g4 hxg4 16.
hxg4 Bg6 17. fxg5 Qxg5 18. Qd2 Qxd2+ 19. Kxd2 c5 20. dxc5 Nxe5 21. Nb6 Nc4+ 22.
Nxc4 dxc4 23. axb4 axb4 24. Kc1 O-O 25. g5 Rfd8 26. Rd1 Rxd1+ 27. Kxd1 Bxb2 28.
Ra2 c3 29. Be3 Nf5 30. Nf1 Nxe3+ 31. Nxe3 Rxc5 32. Ra8+ Kg7 33. Rb8 Re5 34. Be4
Bxe4 35. Nf5+ Bxf5 0-1

[Event "22nd Oberwarter Open"]
[Site "Oberwart (Austria)"]
[Date "2000.07.14"]
[Round "7.22"]
[White "SCHWANINGER, Wolfgang"]
[Black "WUKITS, Rene"]
[Result "0-1"]
[WhiteElo "2108"]
[BlackElo "2347"]
[PlyCount "76"]
[EventDate "2000.07.14"]

1. c4 b6 2. Nc3 e6 3. Nf3 Bb7 4. e4 Bb4 5. d3 Ne7 6. Be2 f5 7. exf5 Nxf5 8. Bg5
Be7 9. Bxe7 Qxe7 10. Qd2 O-O 11. O-O c5 12. d4 cxd4 13. Nxd4 Nh4 14. f3 Qc5 15.
Rf2 Nc6 16. Rd1 Ne5 17. Nb3 Qe7 18. f4 Bxg2 19. fxe5 Rxf2 20. Kxf2 Rf8+ 21. Kg1
Qf7 22. Qe3 Qg6 23. Qg3 Qh6 24. Rxd7 Bc6 25. Rd3 Rf5 26. Bg4 Rg5 27. Bxe6+ Kf8
28. Bg4 Qg6 29. h3 h5 30. e6 hxg4 31. Rd8+ Be8 32. e7+ Kf7 33. Qf4+ Rf5 34. Qd6
Qg5 35. Qg3 Rf3 36. Qxg4 Qe3+ 37. Kh1 Rf1+ 38. Kh2 Qf2+ 0-1

[Event "22nd Oberwarter Open"]
[Site "Oberwart (Austria)"]
[Date "2000.07.14"]
[Round "7.24"]
[White "SINGER, Richard"]
[Black "HAMBERGER, Hermann"]
[Result "1-0"]
[WhiteElo "2337"]
[BlackElo "2159"]
[PlyCount "51"]
[EventDate "2000.07.14"]

1. d4 Nf6 2. c4 c5 3. d5 b5 4. cxb5 a6 5. b6 d6 6. Nc3 g6 7. e4 Bg7 8. Nf3 Nfd7
9. Be2 O-O 10. O-O Qxb6 11. Nd2 a5 12. a4 Na6 13. Nc4 Qd8 14. f4 Nb4 15. Ra3
Nb6 16. f5 Nxc4 17. Bxc4 Na6 18. Nb5 Nb8 19. Rh3 Nd7 20. Bh6 Nf6 21. Qc1 Bxh6
22. Qxh6 g5 23. e5 dxe5 24. Nc3 Re8 25. Ne4 Ba6 26. d6 1-0

[Event "22nd Oberwarter Open"]
[Site "Oberwart (Austria)"]
[Date "2000.07.14"]
[Round "7.25"]
[White "LAKOS, Nikoletta"]
[Black "WADSACK, Wolfgang"]
[Result "1/2-1/2"]
[WhiteElo "2327"]
[BlackElo "2133"]
[PlyCount "90"]
[EventDate "2000.07.14"]

1. e4 e6 2. d4 d5 3. Nd2 c5 4. Ngf3 cxd4 5. exd5 Qxd5 6. Bc4 Qd6 7. Qe2 Nf6 8.
Nb3 Nc6 9. Bg5 Be7 10. O-O-O Nd5 11. Bxe7 Ndxe7 12. Nbxd4 Qf4+ 13. Kb1 O-O 14.
g3 Qf6 15. Nb5 a6 16. Nd6 b5 17. Ne4 Qh6 18. Bd3 e5 19. Nc5 Bg4 20. h3 Bxf3 21.
Qxf3 f5 22. Qe3 Qxe3 23. fxe3 e4 24. Be2 Nb4 25. Rd7 Rfc8 26. Ne6 Kf7 27. Nd4
Rd8 28. Rxd8 Rxd8 29. c4 bxc4 30. Bxc4+ Kf6 31. g4 f4 32. g5+ Kg6 33. Ne6 Rc8
34. Nxf4+ Kxg5 35. b3 Nf5 36. Be6 Rc5 37. Rg1+ Kf6 38. Bxf5 Rxf5 39. h4 Nd5 40.
Nxd5+ Rxd5 41. Rg4 Re5 42. Kc2 g5 43. hxg5+ Rxg5 44. Rh4 h5 45. Kc3 Ra5 {.}
1/2-1/2

[Event "22nd Oberwarter Open"]
[Site "Oberwart (Austria)"]
[Date "2000.07.14"]
[Round "7.26"]
[White "HOFBAUER, Peter"]
[Black "KARNER, Christoph"]
[Result "1/2-1/2"]
[WhiteElo "2052"]
[BlackElo "2280"]
[PlyCount "82"]
[EventDate "2000.07.14"]

1. e4 c5 2. c3 d5 3. exd5 Qxd5 4. d4 cxd4 5. cxd4 g6 6. Nf3 Bg7 7. Be2 Nh6 8.
O-O O-O 9. Nc3 Qd8 10. Be3 Nf5 11. Qd2 Nc6 12. Rad1 Nxe3 13. Qxe3 Qb6 14. Rd2
Bg4 15. Rfd1 Rfd8 16. d5 Qxe3 17. fxe3 Ne5 18. d6 Rxd6 19. Rxd6 exd6 20. Rxd6
Re8 21. Kf2 Be6 22. h3 Nc6 23. a3 h6 24. Rd2 Na5 25. Nd4 Bc4 26. b4 Bxe2 27.
Ncxe2 Nc4 28. Rd3 Nd6 29. Nb3 Ne4+ 30. Kf3 Re7 31. Ng3 Ng5+ 32. Kf2 Rc7 33. Nc5
b6 34. Rd8+ Kh7 35. Rd7 Ne6 36. Rxc7 Nxc7 37. Nd3 Bf8 38. Ne2 b5 39. Nd4 f5 40.
Nc6 a6 41. Kf3 g5 {.} 1/2-1/2

[Event "22nd Oberwarter Open"]
[Site "Oberwart (Austria)"]
[Date "2000.07.14"]
[Round "7.27"]
[White "SULYOK, Michael"]
[Black "PETROCZI, Thomas"]
[Result "1-0"]
[WhiteElo "2272"]
[BlackElo "2130"]
[PlyCount "75"]
[EventDate "2000.07.14"]

1. c4 g6 2. Nc3 Bg7 3. g3 d6 4. Bg2 e5 5. e4 Ne7 6. Nge2 c6 7. d4 O-O 8. Be3
Qc7 9. O-O f5 10. dxe5 dxe5 11. exf5 gxf5 12. f4 Be6 13. Qa4 Nd7 14. c5 Nd5 15.
Nxd5 Bxd5 16. Rad1 Nf6 17. Nc3 Bxg2 18. Kxg2 Ng4 19. Bg1 exf4 20. Qxf4 Be5 21.
Qg5+ Kh8 22. Rxf5 Rg8 23. Qh5 Rg6 24. Ne4 Rag8 25. Nd6 Nf6 26. Qf3 Bxg3 27.
hxg3 Rxg3+ 28. Qxg3 Rxg3+ 29. Kxg3 Qg7+ 30. Kf2 Qg4 31. Re1 Qd4+ 32. Kf1 Qd3+
33. Re2 Qd1+ 34. Re1 Qd3+ 35. Kg2 Nh5 36. Rxh5 Qg6+ 37. Kf1 Qxh5 38. Bd4+ 1-0

[Event "22nd Oberwarter Open"]
[Site "Oberwart (Austria)"]
[Date "2000.07.14"]
[Round "7.28"]
[White "LOEBLER, Heimo"]
[Black "KREINDL, Helmut"]
[Result "1/2-1/2"]
[WhiteElo "2264"]
[BlackElo "2179"]
[PlyCount "39"]
[EventDate "2000.07.14"]

1. d4 d5 2. c4 e6 3. Nc3 Nf6 4. cxd5 exd5 5. Bg5 Be7 6. Qc2 c6 7. e3 Nbd7 8.
Bd3 Nh5 9. Bxe7 Qxe7 10. O-O-O g6 11. Nge2 Nb6 12. h3 Bd7 13. Kb1 O-O-O 14. Nc1
Ng7 15. Nb3 Kb8 16. Rhe1 Bf5 17. Bxf5 Nxf5 18. Qd3 Nd6 19. Nc5 f5 20. f3 {.}
1/2-1/2

[Event "22nd Oberwarter Open"]
[Site "Oberwart (Austria)"]
[Date "2000.07.14"]
[Round "7.29"]
[White "STEINER, Karl"]
[Black "HANSEN, Kay"]
[Result "0-1"]
[WhiteElo "2035"]
[BlackElo "2227"]
[PlyCount "64"]
[EventDate "2000.07.14"]

1. d4 d5 2. Nf3 c6 3. g3 Nf6 4. Bg2 Bf5 5. O-O e6 6. c3 Be7 7. Qb3 Qb6 8. Bg5
Nbd7 9. Nbd2 h6 10. Bxf6 Bxf6 11. Rfe1 O-O 12. e4 dxe4 13. Nxe4 Be7 14. Ned2
Rfd8 15. Nc4 Qc7 16. Nfe5 Rab8 17. Nxd7 Rxd7 18. Ne5 Rd6 19. f4 Bf6 20. Re2 b5
21. a3 c5 22. dxc5 Qxc5+ 23. Kh1 a5 24. Rae1 h5 25. Bf3 g6 26. Be4 Bxe4+ 27.
Rxe4 Rbd8 28. R4e2 Rd2 29. c4 Bxe5 30. fxe5 Qc6+ 31. Re4 R8d4 32. cxb5 Rxe4 0-1

[Event "22nd Oberwarter Open"]
[Site "Oberwart (Austria)"]
[Date "2000.07.14"]
[Round "7.31"]
[White "LEITNER, Kurt"]
[Black "WALDMANN, Ivan"]
[Result "0-1"]
[WhiteElo "2162"]
[BlackElo "2278"]
[PlyCount "72"]
[EventDate "2000.07.14"]

1. e4 c5 2. c3 d5 3. exd5 Qxd5 4. d4 e6 5. Nf3 Nf6 6. Be3 cxd4 7. cxd4 Nc6 8.
Nc3 Qd6 9. a3 Be7 10. Bd3 O-O 11. O-O b6 12. Rc1 Bb7 13. Bb1 Rac8 14. Qd3 Rfe8
15. Rfd1 g6 16. Ba2 Nd5 17. Ne4 Qd8 18. Qe2 Kg7 19. Rc2 h6 20. Bc1 Nf6 21. Nc3
Bf8 22. Rcd2 Qd6 23. Ne5 Kg8 24. Ng4 Nxg4 25. Qxg4 Bg7 26. Rd3 Ne7 27. d5 Nxd5
28. Nxd5 Bxd5 29. Bb1 Qe7 30. Rh3 h5 31. Qg3 Qf6 32. Bg5 Qxb2 33. Qd3 Rc3 34.
Qa6 Rxh3 35. gxh3 Qb3 36. Rc1 Qxh3 0-1

[Event "22nd Oberwarter Open"]
[Site "Oberwart (Austria)"]
[Date "2000.07.14"]
[Round "7.32"]
[White "KREBS, Johann"]
[Black "NIELSEN, Max"]
[Result "1-0"]
[WhiteElo "2209"]
[BlackElo "2250"]
[PlyCount "99"]
[EventDate "2000.07.14"]

1. d4 Nf6 2. c4 c5 3. d5 b5 4. Nf3 g6 5. a4 b4 6. b3 d6 7. Bb2 Bg7 8. Nbd2 O-O
9. g3 e5 10. dxe6 Bxe6 11. Bg2 Nc6 12. O-O Qc7 13. Ng5 Rad8 14. Ra2 Ne7 15. Qa1
Ne8 16. Nde4 Bxb2 17. Qxb2 h6 18. Nxe6 fxe6 19. Qc1 Kh7 20. Rd1 Rc8 21. Rc2 Nf5
22. e3 Ne7 23. Bh3 Nf5 24. Qd2 Rd8 25. Qe1 Nf6 26. Nxf6+ Rxf6 27. Rcd2 Rf7 28.
Bg2 Rfd7 29. f4 Ne7 30. Bh3 Nf5 31. g4 Ng7 32. Bg2 Rf8 33. Be4 Ne8 34. Qh4 Kg7
35. Qg3 Nf6 36. Bc2 Nh7 37. h4 Qd8 38. g5 h5 39. e4 Re8 40. f5 exf5 41. exf5
gxf5 42. Bxf5 Rde7 43. Rxd6 Re1+ 44. Rxe1 Rxe1+ 45. Kf2 Qe8 46. Rd7+ Kg8 47.
Bxh7+ Kh8 48. Bd3 Rh1 49. Be4 Rb1 50. Qd6 1-0

[Event "22nd Oberwarter Open"]
[Site "Oberwart (Austria)"]
[Date "2000.07.14"]
[Round "7.33"]
[White "ZSIFKOVITS, Robert"]
[Black "SEIFERT, Milan"]
[Result "1-0"]
[WhiteElo "2132"]
[BlackElo "2218"]
[PlyCount "75"]
[EventDate "2000.07.14"]

1. e4 g6 2. d4 Bg7 3. Be3 d6 4. Nc3 Nf6 5. Qd2 O-O 6. f3 e5 7. Nge2 a6 8. g4 b5
9. Ng3 Nc6 10. d5 Nd4 11. Bg2 b4 12. Nce2 Nxe2 13. Qxe2 a5 14. O-O-O a4 15. h4
Nd7 16. Qd2 b3 17. cxb3 axb3 18. a3 Nb6 19. Bf1 Ra4 20. Bb5 Nc4 21. Bxc4 Rxc4+
22. Kb1 f5 23. gxf5 gxf5 24. Bg5 Qe8 25. h5 f4 26. Ne2 Rc2 27. Qd3 h6 28. Bh4
Bd7 29. Nc1 Bb5 30. Qxb3 Rg2 31. Rdg1 Rxg1 32. Rxg1 Kh7 33. Rg6 Qd7 34. Qc2 Rf7
35. Qg2 c6 36. Re6 cxd5 37. Qg6+ Kh8 38. Rxd6 1-0

[Event "22nd Oberwarter Open"]
[Site "Oberwart (Austria)"]
[Date "2000.07.14"]
[Round "7.34"]
[White "SPIESBERGER, Gerhard"]
[Black "HARDT, Christian"]
[Result "1/2-1/2"]
[WhiteElo "2043"]
[BlackElo "2205"]
[PlyCount "74"]
[EventDate "2000.07.14"]

1. e4 c5 2. c3 d6 3. d4 Nf6 4. Bd3 e5 5. Nf3 Nbd7 6. O-O Be7 7. Be3 O-O 8. Nbd2
Qc7 9. Re1 b6 10. Nf1 Bb7 11. Ng3 g6 12. Bh6 Rfe8 13. Ng5 Bf8 14. Bxf8 Rxf8 15.
Rc1 h6 16. Nh3 c4 17. Bb1 b5 18. f4 a5 19. Qd2 Kg7 20. Rcd1 Rad8 21. f5 Qb6 22.
Qe3 b4 23. Re2 Ba6 24. Red2 a4 25. cxb4 Qxb4 26. dxe5 dxe5 27. Nf2 Bb5 28. Ne2
Rde8 29. Nc3 Bc6 30. a3 Qb7 31. fxg6 fxg6 32. Ba2 Nb6 33. Qc5 Nfd7 34. Qb4 Qa6
35. Nd5 Bxd5 36. exd5 e4 37. Re2 Qa7 {.} 1/2-1/2

[Event "22nd Oberwarter Open"]
[Site "Oberwart (Austria)"]
[Date "2000.07.14"]
[Round "7.35"]
[White "WAIS, Michael"]
[Black "HASELHORST, Helmut"]
[Result "0-1"]
[WhiteElo "2042"]
[BlackElo "2191"]
[PlyCount "102"]
[EventDate "2000.07.14"]

1. d4 Nf6 2. c4 g6 3. Nc3 Bg7 4. e4 O-O 5. Be2 d6 6. Nf3 Bg4 7. Ng1 Bxe2 8.
Ngxe2 Nfd7 9. O-O e5 10. d5 f5 11. f3 Nf6 12. b4 Nbd7 13. Ba3 fxe4 14. Nxe4
Nxe4 15. fxe4 Rxf1+ 16. Qxf1 Qh4 17. Nc3 Nf6 18. Qe1 Qg4 19. c5 Bh6 20. cxd6
cxd6 21. b5 Qd7 22. Rb1 Rc8 23. h3 Qc7 24. b6 Qxc3 25. Qxc3 Rxc3 26. Bxd6 Nxe4
27. bxa7 Be3+ 28. Kh2 Bxa7 29. Bxe5 Rd3 30. Rxb7 Rxd5 31. Rg7+ Kf8 32. Rxa7
Rxe5 33. Rxh7 Ra5 34. Rh4 Nc3 35. Rg4 Kg7 36. a3 Rxa3 37. Rg3 Nb5 38. Rxa3 Nxa3
39. Kg3 Nc4 40. Kf4 Kf6 41. h4 Nd6 42. g4 Nf7 43. Ke4 Nd8 44. Kf4 Ne6+ 45. Ke4
Nc7 46. Kf4 Nd5+ 47. Ke4 Ke6 48. Kf3 Ke5 49. Kg3 Ke4 50. g5 Nf4 51. Kg4 Nh5 0-1

[Event "22nd Oberwarter Open"]
[Site "Oberwart (Austria)"]
[Date "2000.07.15"]
[Round "8.1"]
[White "SHARIYAZDANOV, Andrey"]
[Black "RUCK, Robert"]
[Result "1/2-1/2"]
[WhiteElo "2582"]
[BlackElo "2489"]
[PlyCount "35"]
[EventDate "2000.07.15"]

1. Nf3 Nf6 2. c4 c5 3. Nc3 Nc6 4. e3 e6 5. d4 d5 6. cxd5 Nxd5 7. Bd3 Be7 8. O-O
O-O 9. Re1 b6 10. Nxd5 exd5 11. dxc5 bxc5 12. Bd2 c4 13. Be2 Bf6 14. Qc2 Rb8
15. Bc3 Be6 16. Red1 Bxc3 17. Qxc3 Qa5 18. Qxa5 {.} 1/2-1/2

[Event "22nd Oberwarter Open"]
[Site "Oberwart (Austria)"]
[Date "2000.07.15"]
[Round "8.2"]
[White "STANEC, Nikolaus"]
[Black "KRIVOSHEY, Sergei"]
[Result "1/2-1/2"]
[WhiteElo "2484"]
[BlackElo "2429"]
[PlyCount "35"]
[EventDate "2000.07.15"]

1. e4 d5 2. exd5 Nf6 3. c4 c6 4. d4 cxd5 5. Nc3 g6 6. Qb3 Bg7 7. cxd5 O-O 8. g3
Na6 9. Bg2 b5 10. Nge2 b4 11. Nd1 Bb7 12. Ne3 Rb8 13. O-O Nc7 14. Qxb4 Ncxd5
15. Qa3 Nxe3 16. Qxe3 Bxg2 17. Kxg2 Qd5+ 18. Qf3 {.} 1/2-1/2

[Event "22nd Oberwarter Open"]
[Site "Oberwart (Austria)"]
[Date "2000.07.15"]
[Round "8.3"]
[White "ZIMMERMAN, Yuri"]
[Black "RASHKOVSKY, Nukhim"]
[Result "0-1"]
[WhiteElo "2379"]
[BlackElo "2508"]
[PlyCount "54"]
[EventDate "2000.07.15"]

1. d4 Nf6 2. c4 e6 3. Nc3 Bb4 4. Qc2 d6 5. Nf3 Nc6 6. e3 e5 7. d5 Bxc3+ 8. Qxc3
Ne7 9. Be2 O-O 10. b3 a5 11. O-O Ne4 12. Qc2 Nc5 13. Nd2 Bf5 14. e4 Bd7 15. Bb2
Ng6 16. a3 f5 17. b4 Nxe4 18. Nxe4 fxe4 19. Qxe4 Nf4 20. Qe3 Qg5 21. g3 Nh3+
22. Kg2 Rxf2+ 23. Qxf2 Nxf2 24. Rxf2 axb4 25. axb4 Rxa1 26. Bxa1 Qc1 27. Rf1
Qd2 0-1